| 000 | 01884cam a22004577a 4500 | ||
|---|---|---|---|
| 003 | CHAP | ||
| 005 | 20220329142133.0 | ||
| 008 | 991213d1999 mx rs o00110 spa d | ||
| 010 | _a79035 | ||
| 011 | _a80007 | ||
| 020 | _a970-13-2400-5 | ||
| 020 | _a970-13-2402-1 | ||
| 020 | _a970-13-2403-X | ||
| 020 | _a9701320468 | ||
| 035 | _a90446 | ||
| 040 | _cCHAP | ||
| 082 | 0 | 4 |
_a338.972 _bI59 1998 Nay. |
| 110 | 2 |
_aInstituto Nacional de Estadística, Geografía e Informática. México _959304 |
|
| 245 | 1 | 0 |
_aCuaderno estadístico municipal : _bNayarit _c/por Instituto Nacional de Estadística, Geografía e Informática |
| 260 |
_aAguascalientes, Ags. : _bInstituto Nacional de Estadística, Geografía e Informática, _c1999. |
||
| 300 | _av. | ||
| 500 | _aLa biblioteca tiene : v.1 Amatlán de Cañas.--v.2 Huajicori.--v.3 .--v.4 Tuxpan.-- | ||
| 590 |
_aBATCH-UPD _b10 _c20130110 _lUCH01 _h0012 |
||
| 590 |
_aBATCH-UPD _b10 _c20130110 _lUCH01 _h1733 |
||
| 590 |
_aBATCH-UPD _b10 _c20130410 _lUCH01 _h1113 |
||
| 590 |
_aBATCH-UPD _b10 _c20130914 _lUCH01 _h1502 |
||
| 590 |
_aCONVERSION _b10 _c20130109 _lUCH01 _h1344 |
||
| 650 | 0 | 1 |
_aMéxico _xMunicipios _976781 |
| 650 | 1 | 4 |
_aAgricultura _xEstadisticas _zNayarit. _91460 |
| 650 | 1 | 4 |
_aGanadería _xEstadísticas _zNayarit. _944718 |
| 650 | 1 | 4 |
_aNayarit _xCondiciones económicas. _980622 |
| 650 | 1 | 4 |
_aNayarit _xEstadísticas. _980626 |
| 650 | 1 | 4 |
_zNayarit _xCondiciones sociales. _9124377 |
| 901 | _aBK | ||
| 905 | _aLilia Sánchez G. | ||
| 942 | _cLIBRO | ||
| 949 |
_a338.972 I59 1998 Nay. _bBC _cINEGI _d33724000743811 _eINEGI _fv.4 _h96479 _i90446 _sb |
||
| 949 |
_a338.972 I59 1998 Nay. _bBC _cINEGI _d33724000743837 _eINEGI _fv.2 _h96477 _i90446 _sb |
||
| 949 |
_a338.972 I59 1998 Nay. _bBC _cINEGI _d33724000743845 _eINEGI _fv.1 _h96476 _i90446 _sb |
||
| 949 |
_a338.972 I59 1998 Nay. _bBC _cINEGI _d337240007443829 _eINEGI _fv.3 _h96478 _i90446 _sb |
||
| 999 |
_c79035 _d79035 |
||